000 00429nam a2200157Ia 4500
003 GCL
008 140319s9999 xx 000 0 ara d
040 _aGCL /
_cGCL
082 0 4 _aد
_b050
100 1 _aاحمد زكى ابوشادى
245 1 0 _aمملكة العذارى (اقرا 66 ) /
_cاحمد زكى ابوشادى
300 _a154
490 _aاقرأ
_v0
650 0 4 _aالقصص العربية
942 _2ddc
_cBK
999 _c49065
_d49065